000 00850cam a22002654a 4500
001 15326310
005 20171226041439.0
008 080610s2009 moua bp 001 0 eng
010 _a 2008025742
020 _a9781416056270 (pbk. : alk. paper)
035 _a(DNLM)101476188
040 _aDNLM/DLC
_cDLC
_dDLC
041 1 _aeng
_aspa
042 _apcc
060 1 0 _aW 18.2
_bL5805b 2009
080 _a610.14 LEO
082 0 0 _a610.14 LEO
_222
100 1 _a3
101 _aSHM
245 1 0 _aBuilding a medical vocabulary :
_cPeggy C. Leonard.
504 _aIncludes bibliographical references (p. 655-658) and index.
906 _a7
_bcbc
_corignew
_d1
_eecip
_f20
_gy-gencatlg
942 _2ddc
_cBK
999 _c39383
_d39383